Normal view
MARC view
Entry Personal Name
001 - CONTROL NUMBER
- control field: 52348
003 - CONTROL NUMBER IDENTIFIER
- control field: ARRUPE
005 - DATE AND TIME OF LATEST TRANSACTION
- control field: 20231005124950.0
008 - FIXED-LENGTH DATA ELEMENTS
- fixed length control field: 231005|| aca||aabn | a|a d
040 ## - CATALOGING SOURCE
- Original cataloging agency: ARRUPE
- Transcribing agency: ARRUPE
100 ## - HEADING--PERSONAL NAME
- Personal name: Hong, Howard V. and Hong, Edna H. (ed.) and (tr.)
670 ## - SOURCE DATA FOUND
- Source citation: Work cat.: (ARRUPE)94283: Kierkegaard, Soren 43310, Concluding unscientific postscript to philosophical fragments